000 01470cam a22003854a 4500
001 12869477
003 OSt
005 20260129122420.0
008 020725s2002 ilu b 001 0 eng
010 _a 2002027383
020 _a0830814728
_qalk. paper
020 _a9780830814725
_q(alk. paper)
035 _a12869477
040 _aDLC
_cDLC
_dDLC
042 _apcc
050 0 0 _aBS1235.53
_b.G46 2002
082 0 0 _a222/.11077/09
_221
245 0 0 _aGenesis 12-50 /
_cedited by Mark Sheridan ; general editor, Thomas C. Oden.
246 3 _aGenesis twelve through fifty
260 _aDowners Grove, Ill. :
_bInterVarsity Press,
_cc2002.
300 _axxxix, 392 p. ;
_c26 cm.
336 _atext
_btxt
_2rdacontent
337 _aunmediated
_bn
_2rdamedia
338 _avolume
_bnc
_2rdacarrier
440 0 _aAncient Christian commentary on Scripture.
_pOld Testament ;
_v2
504 _aIncludes bibliographical references (p. 370-377) and indexes.
630 0 0 _aBible.
_pGenesis, XII-L
_vCommentaries.
655 7 _aCommentaries.
_2lcgft
_0https://id.loc.gov/authorities/genreForms/gf2025026014
700 1 _aSheridan, Mark.
700 1 _aOden, Thomas C.
906 _a7
_bcbc
_corignew
_d1
_eocip
_f20
_gy-gencatlg
942 _2lcc
_cBK
999 _c21148
_d21147